Представление документа в формате MARC21

Поле Инд. ПП Название Значение
Тип записи a
Библиографический уровень a
001 Контрольный номер RU/IS/BASE/264552123
005 Дата корректировки 20240523095416.5
008 Кодируемые данные 19981014
040 00 e Правила каталог. Т 981014
084 a Индекс другой классификации/Индекс ББК 63.3(2)414-64
090 00 a Полочн. индекс 63.3(0)3я43
x Авторский знак В 387
097 00 a 230
100 10 a Автор Приселков М. Д.
245 00 a Заглавие Русско-византийский отношения IX-XII вв.
600 14 a Персоналии Андрей Боголюбский
a Персоналии Игорь (вел. князь)
a Персоналии Константин VII Багрянородный
a Персоналии Никифор II Фока (визант. император)
a Персоналии Ольга (княгиня)
650 04 a Основная рубрика история
653 00 a Ключевые слова IX век
a Ключевые слова X век
a Ключевые слова XI век
a Ключевые слова XII век
a Ключевые слова византийская историография
a Ключевые слова Византия
a Ключевые слова внешняя политика
a Ключевые слова дипломатические отношения
a Ключевые слова дипломатия
a Ключевые слова Древняя Русь
a Ключевые слова история дипломатии
a Ключевые слова Киевская Русь
a Ключевые слова международные договоры
a Ключевые слова правители
a Ключевые слова русско-византийские отношения
a Ключевые слова средние века
a Ключевые слова торговля
a Ключевые слова церкви
a Ключевые слова экономические отношения
773 00 d Дата издания источника Москва, 1939
g Прочая информация Т.3(8), 4(9). - С. 98-109
t Заглавие источника Вестник древней истории
w Контрольный № источника RU/IS/BASE/101818640
901 t Тип документа a